000 00928nam a2200277 a 4500
001 000034025
005 20200930070718.0
008 110215t2004 dr a 001 0 spa d
020 _a999340439X
040 _aDO-SdBNP
_bspa
_cBNPHU
082 _a771
_bP438t, 2004
100 1 _aPérez, Faustino
_91945
245 1 0 _aTeoría de la toma fotográfica /
_cFaustino Pérez.
250 _a3ª ed.
260 _aSanto Domingo :
_bBúho,
_c2004.
300 _a116 p. :
_bil., retrs. ;
_c14 cm.
500 _aIncluye bibliografía y notas al pie de páginas.
504 _aBibliografía : p. 92-95
590 _aInventariado, 2018/LP
650 4 _aFotografía
_xManuales
_941625
650 4 _aFotografía
_xEquipo electrónico
_951937
650 4 _aCámaras fotografícas
_941626
650 4 _aFotografía
_xEquipo y accesorios
_941627
650 4 _aFotografía
_xTécnicas
_951938
910 _aValidado. Control de la calidad EMS
999 _c33516
_d33516